| 000 | 00670nam a2200205Ia 4500 | ||
|---|---|---|---|
| 001 | 25990 | ||
| 003 | AR-BaAGN | ||
| 005 | 20231116141901.0 | ||
| 007 | ta | ||
| 008 | 211213s1870 xx |||||||||||||| ||spa d | ||
| 040 |
_dAR-BaAGN _aAR-BaAGN _bspa _eaacr |
||
| 245 | 0 | 0 |
_aApuntes biográficos del Teniente Coronel de la República Argentina Don Santiago Albarracín : _bhomenaje que sus hijos tributan a su memoria / _cSantiago R. Albarracín |
| 260 |
_a[Lugar de publicación no identificado] : _bJosé Cazenave, _c1870. |
||
| 300 | _a98 páginas | ||
| 336 |
_2rdacontent _btxt |
||
| 337 |
_2rdamedia _bn |
||
| 338 |
_2rdacarrier _bnc |
||
| 942 | _cLIBRO | ||
| 999 |
_c25990 _d25990 |
||